Were They Alive During This? - Statistics

General Stats
  • This quiz has been taken 48,539 times
  • The average score is 11 of 15
Answer Stats
Question Answer % Correct
Was Adolf Hitler alive when Oscars were first awarded in Hollywood? Yes
84%
Was Britney Spears alive when the Berlin Wall fell? Yes
82%
Was Napoleon alive when the Wright brothers first flew an airplane? No
81%
Was Jesus of Nazareth alive when Mount Vesuvius destroyed Pompeii? No
79%
Was Martin Luther King Jr. alive when slavery was legal in the US? No
78%
Was John Lennon alive when Hawaii became a US state? Yes
78%
Was William Shakespeare alive during the Battle of Hastings? No
75%
Was Charles Dickens alive during the American Civil War? Yes
75%
Was Julius Caesar alive during the construction of Machu Picchu? No
74%
Was Richard Nixon alive during the First World War? Yes
71%
Was Queen Elizabeth II alive when the Titanic sank? No
68%
Was Chairman Mao alive during the Industrial Revolution? No
67%
Was Leonardo da Vinci alive when Columbus landed in the Americas? Yes
67%
Were woolly mammoths alive when the Great Pyramid of Giza was built? Yes
65%
Was Mahatma Gandhi alive when man landed on the moon? No
49%
No matching quizzes found
Score Distribution
Percent of People with Each Score
Percentile by Number Answered
Your Score History
You have not taken this quiz